00574cam a22002291 4500001001300000003000400013005001700017008004100034010001700075035002000092040001800112042001200130043001200142050001800154100003400172245004500206260001100251300001900262500001500281651003100296999001700327ne 66001476 DLC20260227111825.0890420s1966 xx 000 0 ara  ane 66001476  a(OCoLC)23486366 aDLCcMiUdDLC apremarc aa-iq---00aHC497.I7bH241 aḤasan, Muḥammad Salmān.10aDirāsāt al-iqtiṣād al-Irāqī. c[1966] a494 p.c24 cm. aRomanized. 0aIraqxEconomic conditions. c49070d49070